Cablegation systems for irrigation : description, design, installation, and performance /

Bibliographic Details
Corporate Author: United States. Agricultural Research Service
Other Authors: Kemper, William Doral, 1928-
Format: Government Document Book
Language:English
Published: [Washington, D.C.?] : U.S. Dept. of Agriculture, Agricultural Research Service ; [1985]
Series:ARS (Series) (United States. Agricultural Research Service) ; 21.
Subjects:

MARC

Tag First Indicator Second Indicator Subfields
LEADER 00000cam a2200000 a 4500
001 in00000860010
005 20151019070842.0
008 850901s1985 dcua b f00000 eng d
010 |a gp 85024313  
035 |a (OCoLC)12495845 
035 |9 AED4392AM 
040 |a GPO  |c GPO  |d UtOrBLW 
049 |a UDOC 
074 |a 25-B (microfiche) 
086 0 |a A 77.15:21 
088 |a ARS-21 
245 0 0 |a Cablegation systems for irrigation :  |b description, design, installation, and performance /  |c by W.D. Kemper [and others]. 
264 1 |a [Washington, D.C.?] :  |b U.S. Dept. of Agriculture, Agricultural Research Service ;  |c [1985] 
264 2 |a Springfield, Va. :  |b National Technical Information Service [distributor], 
300 |a xiv, 208 pages :  |b illustrations ;  |c 28 cm. 
336 |a text  |b txt  |2 rdacontent 
337 |a unmediated  |b n  |2 rdamedia 
338 |a volume  |b nc  |2 rdacarrier 
490 1 |a ARS ;  |v 21 
500 |a "February 1985." 
500 |a Distributed to depository libraries in microfiche. 
504 |a Bibliography: page 208. 
650 0 |a Irrigation  |x Equipment and supplies. 
700 1 |a Kemper, William Doral,  |d 1928- 
710 1 |a United States.  |b Agricultural Research Service. 
830 0 |a ARS (Series) (United States. Agricultural Research Service) ;  |v 21. 
999 |a MARS 
999 f f |s 4c1cadb7-46d9-3434-9e9b-3fcd6bd53806  |i 05b79c6a-6876-3cd6-900a-0756e38d88d5  |t 0 
952 f f |p normal  |a Texas A&M University  |b College Station  |c Sterling C. Evans Library  |d Evans: US Documents (Annex 5th floor)  |t 0  |e A 77.15:21  |h Superintendent of Documents classification  |i unmediated -- volume  |m A14816530311 
998 f f |a A 77.15:21  |t 0  |l Evans: US Documents (Annex 5th floor)